书目信息 |
| 题名: |
非凡的建设
|
|
| 作者: | 徐兆颖 主编 | |
| 分册: | ||
| 出版信息: | 北京 中国建筑工业出版社 2024.11 |
|
| 页数: | 220页 | |
| 开本: | 26cm | |
| 丛书名: | ||
| 单 册: | ||
| 中图分类: | F284 | |
| 科图分类: | ||
| 主题词: | 工程项目管理--研究--深圳 | |
| 电子资源: | ||
| ISBN: | 978-7-112-30565-0 | |
| 000 | 01109nam0 2200253 450 | |
| 001 | 01031612 | |
| 005 | 20251022175555.90 | |
| 010 | @a978-7-112-30565-0@dCNY178.00 | |
| 100 | @a20250311d2024 em y0chiy0120 ea | |
| 101 | 0 | @achi |
| 102 | @aCN@b110000 | |
| 105 | @aa z 000yy | |
| 106 | @ar | |
| 200 | 1 | @a非凡的建设@9fei fan de jian she@e大型平急两用项目建设管理创新实践@f徐兆颖[等]主编 |
| 210 | @a北京@c中国建筑工业出版社@d2024.11 | |
| 215 | @a220页@c彩图,彩照@d26cm | |
| 304 | @a主编还有:高冠新、杨书华、刘永、金桂明 | |
| 330 | @a本书介绍了该项目以高质量发展为引领,运用模块化装配建造技术提高施工效率,运用智能化技术提高管理效率,运用绿色环保材料和技术提高绿色建造水平,运用先进建设组织模式提高管理效率、运用机制创新压实工程质量安全的经验与措施,提供了覆盖建设全阶段的基于实践验证的理论、路径与方法。 | |
| 517 | 1 | @a大型平急两用项目建设管理创新实践@9da xing ping ji liang yong xiang mu jian she guan li chuang xin shi jian |
| 606 | 0 | @a工程项目管理@x研究@y深圳 |
| 690 | @aF284@v5 | |
| 701 | 0 | @a徐兆颖@9xu zhao ying@4主编 |
| 801 | 0 | @aCN@c20250910 |
| 905 | @a河南城建学院图书馆@dF284@eX848@ZX848@f1 | |
| 非凡的建设:大型平急两用项目建设管理创新实践/徐兆颖[等]主编.-北京:中国建筑工业出版社,2024.11 |
| 220页:彩图,彩照;26cm |
| ISBN 978-7-112-30565-0:CNY178.00 |
| 本书介绍了该项目以高质量发展为引领,运用模块化装配建造技术提高施工效率,运用智能化技术提高管理效率,运用绿色环保材料和技术提高绿色建造水平,运用先进建设组织模式提高管理效率、运用机制创新压实工程质量安全的经验与措施,提供了覆盖建设全阶段的基于实践验证的理论、路径与方法。 |
| ● |
| 相关链接 |
|
|
|
正题名:非凡的建设
索取号:F284/X848
 
预约/预借
| 序号 | 登录号 | 条形码 | 馆藏地/架位号 | 状态 | 备注 |
| 1 | 1633991 | 216339914 | 社科库409/409社科库 103排1列6层/ [索取号:F284/X848] | 在馆 |